000 00406nam a22001697a 4500
003 MPLRDC
005 20220104181629.0
008 210129b ||||| |||| 00| 0 eng d
082 _a868.7 ABDU
100 _aAZIZI HAJI ABDULLAH
245 _aSEORANG TUA DI KAKI GUNUNG
_c
250 _a初版
260 _a
_bDEWAN BAHASA DAN PUSTAKA
_c1982
300 _b
650 _a
942 _cBK
_o868.7 ABDU
999 _c61550
_d61540